<?xml version="1.0" encoding="UTF-8"?>
<collection xmlns:xsi="http://www.w3.org/2001/XMLSchema-instance" xsi:schemaLocation="http://www.loc.gov/MARC21/slim http://www.loc.gov/standards/marcxml/schema/MARC21slim.xsd" xmlns="http://www.loc.gov/MARC21/slim">
 <record>
  <leader>00000ctm a22000004a 4500</leader>
  <controlfield tag="001">UP-99796217612317739</controlfield>
  <controlfield tag="003">Buklod</controlfield>
  <controlfield tag="005">20161207161515.0</controlfield>
  <controlfield tag="006">a     r    |||| u|</controlfield>
  <controlfield tag="007">ta</controlfield>
  <controlfield tag="008">050408s2004    xx      r    |||| u|eng d</controlfield>
  <datafield tag="035" ind1=" " ind2=" ">
   <subfield code="a">(iLib)UPD-00259713386</subfield>
  </datafield>
  <datafield tag="040" ind1=" " ind2=" ">
   <subfield code="a">DCHE</subfield>
  </datafield>
  <datafield tag="041" ind1=" " ind2=" ">
   <subfield code="a">eng</subfield>
  </datafield>
  <datafield tag="042" ind1=" " ind2=" ">
   <subfield code="a">DMLUC</subfield>
  </datafield>
  <datafield tag="090" ind1=" " ind2=" ">
   <subfield code="a">LG 996 2004 H6</subfield>
   <subfield code="b">A586</subfield>
  </datafield>
  <datafield tag="100" ind1="1" ind2=" ">
   <subfield code="a">Antonino, Judith P.</subfield>
   <subfield code="d">1966-</subfield>
  </datafield>
  <datafield tag="245" ind1="1" ind2="0">
   <subfield code="a">Acceptability of genetically modified food (GMF) among consumers in Region III</subfield>
   <subfield code="c">Judith P. Antonino ; Elsa A. Orlina, adviser.</subfield>
  </datafield>
  <datafield tag="264" ind1=" " ind2="1">
   <subfield code="c">2004.</subfield>
  </datafield>
  <datafield tag="300" ind1=" " ind2=" ">
   <subfield code="a">xix, 211 leaves</subfield>
   <subfield code="b">col. ill.</subfield>
  </datafield>
  <datafield tag="500" ind1=" " ind2=" ">
   <subfield code="a">Vita.</subfield>
  </datafield>
  <datafield tag="502" ind1=" " ind2=" ">
   <subfield code="a">Thesis (Ph.D. Home Economics)--University of the Philippines, Diliman.</subfield>
  </datafield>
  <datafield tag="520" ind1=" " ind2=" ">
   <subfield code="a">This study purported to determine the factors associated with the acceptability of Genetically modified Food (GMF) as well as the socio-demographics, psychographics and information status of the 205 faculty and 33 student-respondents in selected State Colleges and Universities in Region III. The data were obtained through survey questionnaire supplemented by qualitative information derived from the Focus Group Discussion. The statistical analyses employed to test the hypotheses included T-test, Stepwise Multiple Regression and Multivariate Discriminant analysis. The results revealed that respondents were basically Roman Catholics; early adults; and earning an average annual income of Php 226, 574 (faculty members) and Php 127, 311 (students). Most faculty r4espondents had masteral degrees. There were more technical respondents and more faculty members from CLSU aware of GMF owing to being in the Science City of this institution. It was observed that there were more aware faculty-consumers who buy and consume GMF as they are more educated and have higher family income. In general, the information status of both respondents was at the marginal level. The frequency of exposure and the amount of attention paid to the information were parallel to respondents' level of comprehension attained. The results of Stepwise Multiple Regression showed that age, educational attainment, gender, marital status, field of specialization, Born Again and Iglesia ni Cristo religions significantly influenced the consumers' information status. Values that were found positively affecting the information status were morality, safety, ecological balance, and wealth. Buying attitudes that predicted information status include persuasion by positive information; disbelief on hearsay; nutritional quality as primary consideration in tasting novel food; searching for more information before trying a food product; verification of food quality by trying the food product; and buying food that is globally popular. Faculty consumers who generally showed acceptance of GMF were faculty members with higher educational attainment and higher income; who were Roman Catholics and oriented to ore positive information like field-testing requirement for GMF release, efficiency of gene transfer using genetic modification technology. On the other hand, the characteristics of those who are likely to reject GMF were the consumers with lower educational attainment; lower family income; Born Again Christians; and oriented to more negative information such as evolution of &quot;super pest&quot; or &quot;super weeds&quot;; possible transfer of antibiotic resistant bacteria into the intestinal tract; and termination or sterility of transgenic seeds after harvesting. The recommendations given were integration of modern biotechnology in science based subjects, massive education campaign on GMF for farmers and consumers with lower educational attainment and family income4; and most especially for women whose information status was reported to be lower ; long term study on ecological and biological impact of GMF; and greater transparency in food labeling.</subfield>
  </datafield>
  <datafield tag="650" ind1=" " ind2="0">
   <subfield code="a">Genetically modified foods</subfield>
   <subfield code="z">Philippines</subfield>
   <subfield code="z">Central Luzon.</subfield>
  </datafield>
  <datafield tag="650" ind1=" " ind2="0">
   <subfield code="a">Food</subfield>
   <subfield code="x">Biotechnology</subfield>
   <subfield code="z">Philippines</subfield>
   <subfield code="z">Central Luzon.</subfield>
  </datafield>
  <datafield tag="650" ind1=" " ind2="0">
   <subfield code="a">College students as consumers</subfield>
   <subfield code="z">Philippines</subfield>
   <subfield code="z">Central Luzon</subfield>
   <subfield code="x">Attitudes.</subfield>
  </datafield>
  <datafield tag="650" ind1=" " ind2="0">
   <subfield code="a">Universities and colleges</subfield>
   <subfield code="z">Philippines</subfield>
   <subfield code="z">Central Luzon</subfield>
   <subfield code="x">Faculty</subfield>
   <subfield code="x">Attitudes.</subfield>
  </datafield>
  <datafield tag="700" ind1="1" ind2=" ">
   <subfield code="a">Orlina, Elsa A.</subfield>
  </datafield>
  <datafield tag="905" ind1=" " ind2=" ">
   <subfield code="a">FI</subfield>
  </datafield>
  <datafield tag="905" ind1=" " ind2=" ">
   <subfield code="a">UP</subfield>
  </datafield>
  <datafield tag="852" ind1="0" ind2=" ">
   <subfield code="a">UPD</subfield>
   <subfield code="b">DCHE</subfield>
   <subfield code="h">LG 996 2004 H6</subfield>
   <subfield code="i">A586</subfield>
  </datafield>
  <datafield tag="942" ind1=" " ind2=" ">
   <subfield code="a">Thesis</subfield>
  </datafield>
 </record>
</collection>
